00606cam a22002171 4500001001300000003000400013005001700017008004100034010001700075035002000092040001800112042001200130050001400142100002100156245005300177260006300230300001400293650002600307740003800333999001700371sa 67000793 DLC20260227112317.0890414m19639999xx 000 0 ind  asa 67000793  a(OCoLC)23542188 aDLCcMiUdDLC apremarc00aHB54b.P71 aH., Soetrisno P.10aPedoman kuliah perbandingan sistim perekonomian. aJogjakarta,bPenerbit Diktat U. G. M. Dwitunggalc[1963?-] av, 22 cm. 0aComparative economics0 aPerbandingan sistim perekonomian. c72215d72215